Представление документа в формате RUSMARC

ПолеНазваниеЗначение
  Тип записи a
  Библиографический уровень m
001 Контрольный номер RU/SLIB/B/208765804
005 Дата корректировки 20201206204239.7
010 Индекс ISBN __
a ISBN 985-438-835-2
d Цена 50-00
101 Язык документа __
a Язык текста rus
200 Заглавие и сведения об ответственности __
a Заглавие 2 000 русских, 2 000 немецких идиом, фразеологизмов и устойчивых словосочетаний
e Сведения, относящиеся к заглавию слов. с пояснениями и примерами использования
f Первые сведения об ответственности О. А. Семенова
b Общее обозначение материала Текст
210 Выходные данные __
a Место издания Минск
c Издательство Попурри
d Дата издания 2003
215 Физическое описание __
a Объем 256 с.
327 Примечание о содержании __
a Примечание о содержании Две тысячи русских, две тысячи немецких идиом, фразеологизмов и устойчивых словосочетаний
606 Тематические рубрики __
a Основная рубрика Языкознание
a Основная рубрика Германские языки
610 Ключевые слова __
a Ключевые слова немецкий язык; фразеология; фразеологизмы; идиомы; пословицы; поговорки
686 Индексы других классификаций __
a Классификационный индекс 81.2Нем-4
686 Индексы других классификаций __
a Классификационный индекс 81.2Нем-3
700 Автор __
a Фамилия Семенова
b Имя О. А.
4 Код отношения 070
801 Источник записи _0
a Страна RU
b Организация Муниципальное бюджетное учреждение культуры "Централизованная библиотечная система" г. Сургут (Центральная городская библиотека им. А. С. Пушкина)
g Правила каталогизации ОИЛ/Рутковская
801 Источник записи _1
a Страна RU
b Организация Муниципальное бюджетное учреждение культуры "Централизованная библиотечная система" г. Сургут (Центральная городская библиотека им. А. С. Пушкина)
g Правила каталогизации ОИЛ/Рутковская
852 Данные о местонахождении __
j Шифр хранения 81.2Нем-4
c Каталожный индекс 81.2Нем-4 ; 81.2Нем-3
i Авторский знак С 30
p Инвентарный номер 04051013
901 Тип документа __
t Тип документа m
903 Характеристики (МАРС) __
a Дата передачи 20040419
990 Данные о заказе (DOS) __
t N записи в КСУ для И/У (DOS) 200405
j Количество экземпляров (DOS) 1